<?xml version="1.0" encoding="UTF-8"?><?xml-stylesheet type="text/xsl" href="static/style.xsl"?><OAI-PMH xmlns="http://www.openarchives.org/OAI/2.0/" xmlns:xsi="http://www.w3.org/2001/XMLSchema-instance" xsi:schemaLocation="http://www.openarchives.org/OAI/2.0/ http://www.openarchives.org/OAI/2.0/OAI-PMH.xsd"><responseDate>2026-04-26T21:58:28Z</responseDate><request verb="GetRecord" identifier="oai:uvadoc.uva.es:10324/80185" metadataPrefix="marc">https://uvadoc.uva.es/oai/request</request><GetRecord><record><header><identifier>oai:uvadoc.uva.es:10324/80185</identifier><datestamp>2025-12-01T20:08:56Z</datestamp><setSpec>com_10324_1191</setSpec><setSpec>com_10324_931</setSpec><setSpec>com_10324_894</setSpec><setSpec>col_10324_1379</setSpec></header><metadata><record xmlns="http://www.loc.gov/MARC21/slim" xmlns:doc="http://www.lyncode.com/xoai" xmlns:xsi="http://www.w3.org/2001/XMLSchema-instance" xmlns:dcterms="http://purl.org/dc/terms/" xsi:schemaLocation="http://www.loc.gov/MARC21/slim http://www.loc.gov/standards/marcxml/schema/MARC21slim.xsd">
<leader>00925njm 22002777a 4500</leader>
<datafield tag="042" ind1=" " ind2=" ">
<subfield code="a">dc</subfield>
</datafield>
<datafield tag="720" ind1=" " ind2=" ">
<subfield code="a">Ravnikar, Živa</subfield>
<subfield code="e">author</subfield>
</datafield>
<datafield tag="720" ind1=" " ind2=" ">
<subfield code="a">Bahillo Martínez, Alfonso</subfield>
<subfield code="e">author</subfield>
</datafield>
<datafield tag="720" ind1=" " ind2=" ">
<subfield code="a">Goličnik Marušić, Barbara</subfield>
<subfield code="e">author</subfield>
</datafield>
<datafield tag="260" ind1=" " ind2=" ">
<subfield code="c">2025</subfield>
</datafield>
<datafield tag="520" ind1=" " ind2=" ">
<subfield code="a">This study advances urban planning and climate adaptation science by&#xd;
 employing Information and Communication Technologies (ICT) for a detailed&#xd;
 assessment of urban microclimate and user comfort in Ljubljana, Slovenia.&#xd;
 The research addresses a significant gap in urban environmental assessments&#xd;
 by providing real time, finegranularity data to support urban planners in&#xd;
 tackling comfort related issues at the street level. Using a previously developed&#xd;
 microclimate and user comfort street assessment protocol, the study conducts&#xd;
 anindepthcaseanalysisoffivedistinctstreetsinLjubljana.Dataontemperature,&#xd;
 noise, humidity, and air quality were collected using ICT tools and analyzed&#xd;
 with GeographicInformation System(GIS) technologyto mapandidentifyzones&#xd;
 withvaryingcomfortlevels.Themethodologysystematicallyanalysesthesedata,&#xd;
 allowing fordescriptive andcumulativemappingofcomfortable,uncomfortable,&#xd;
 andextremeuncomfortablezonesacrossdiverseurbanmorphologies,including&#xd;
 historic, contemporary, highdensity, and lowdensity areas. By identifying&#xd;
 microclimate and user comfort issues, the study provides insights into site&#xd;
 specific conditions and reveals di erences in conditions based on the type of&#xd;
 urban pattern. On all five streets, we identified the presence of uncomfortable&#xd;
 temperature and noise conditions. Street , Zone I is the most critical area,&#xd;
 with extremely uncomfortable conditions for &#xd;
%− % of the time and&#xd;
 uncomfortable conditions for %− % of the time. The findings demonstrate&#xd;
 that environmental conditions can vary considerably between individual streets,&#xd;
 within compact urban areas of Ljubljana. This underlines the value of spatially&#xd;
 distributed data collection as a necessary complement to traditional monitoring&#xd;
 systems, which are typically limited to only a few fixed locations used by the&#xd;
 city. The confirmationofthehypothesis“Detailedmicroclimateandusercomfort&#xd;
 related data gathered by the ICT and GIS based protocol for street assessment&#xd;
 can significantly assist urban planners in better recognition and interpretation of&#xd;
 microclimateanduser comfortrelatedissuesinurbanenvironments”establishes&#xd;
 the primary contribution of this research. This study o ers a transparent,&#xd;
 replicable method that urban planners can use to assess environmental&#xd;
 conditions and make informed decisions for improving urban quality.</subfield>
</datafield>
<datafield tag="024" ind2=" " ind1="8">
<subfield code="a">Frontiers in Sustainable Cities, 2025, vol. 7</subfield>
</datafield>
<datafield tag="024" ind2=" " ind1="8">
<subfield code="a">2624-9634</subfield>
</datafield>
<datafield tag="024" ind2=" " ind1="8">
<subfield code="a">https://uvadoc.uva.es/handle/10324/80185</subfield>
</datafield>
<datafield tag="024" ind2=" " ind1="8">
<subfield code="a">10.3389/frsc.2025.1542126</subfield>
</datafield>
<datafield tag="024" ind2=" " ind1="8">
<subfield code="a">Frontiers in Sustainable Cities</subfield>
</datafield>
<datafield tag="024" ind2=" " ind1="8">
<subfield code="a">7</subfield>
</datafield>
<datafield tag="024" ind2=" " ind1="8">
<subfield code="a">2624-9634</subfield>
</datafield>
<datafield tag="245" ind1="0" ind2="0">
<subfield code="a">Mapping temperature, humidity, air quality, and noise-related comfort conditions to identify urban planning issues: a case study of Ljubljana, Slovenia</subfield>
</datafield>
</record></metadata></record></GetRecord></OAI-PMH>